Clic 1 chanson -> 1 année (1975-1999) - Statistiques

Statistiques générales
  • Ce quiz a été pris 22 fois
  • Le résultat moyen est 6 sur 25
Statistiques - réponses
Hint Réponse % Correct
Allumer le feu 1998
56%
Le Loir-et-Cher 1977
44%
Capitaine abandonné 1986
39%
Vivo per lei 1997
39%
La complainte du phoque en Alaska 1975
33%
Ma préférence 1978
33%
Les valses de Vienne 1989
33%
Tu ne m'as pas laissé le temps 1999
33%
La dame de Haute-Savoie 1980
28%
Joe le taxi 1987
28%
Nuit de folie 1988
28%
Le paradis blanc 1990
28%
J'irai où tu iras 1995
28%
Partir un jour 1996
28%
Il est libre Max 1981
22%
Le cimetière des éléphants 1982
17%
Je danse le mia 1993
17%
La corrida 1994
17%
Ça balance pas mal à Paris 1976
11%
D.I.S.C.O. 1979
11%
Le rital 1983
11%
Marcia baïla 1984
11%
En l'an 2001 1985
11%
Osez Joséphine 1991
11%
Dur dur d'être bébé 1992
11%
Aucun quiz correspondant
Distribution des résultats
% des personnes avec chaque résultat
Percentile par nombre de réponses
Votre historique - résultats
Vous n’avez pas pris ce quiz